00421nam a2200145Ia 4500008004100000041000900041082001800050100002200068245001900090260003800109300000800147650000800155999001700163952009500180230718s9999 xx 000 0 und d aEng. a376.05bKHU-B aKhussan, Mohammad 0aBail Referen a aPakistanbManach book houjoc2010 a600 aLaw c26320d26320 00104070aSIRC-LbSIRC-Ld2023-07-18l0o376.05 KHU-Bp21272r2023-07-18w2023-07-18yBK